Divided Harry Potter Name Puzzle - Statistics

General Stats
  • This quiz has been taken 326 times
  • The average score is 12 of 20
Answer Stats
Character Name % Correct
HAR RYPO TTER Harry Potter
98%
DRA COMA LFOY Draco Malfoy
91%
RONW EAS LEY Ron Weasley
91%
SIR IUSB LACK Sirius Black
85%
VIK TORK RUM Viktor Krum
76%
LIL YPOT TER Lily Potter
74%
REM USLU PIN Remus Lupin
70%
AMO SDIG GORY Amos Diggory
65%
ARG USF ILCH Argus Filch
65%
OLI VERW OOD Oliver Wood
56%
DEA NTHO MAS Dean Thomas
55%
RIT ASKE ETER Rita Skeeter
52%
PAD MAPA TIL Padma Patil
50%
CRO OKSH ANKS Crookshanks
49%
LUD OBA GMAN Ludo Bagman
49%
PI GWID GEON Pigwidgeon
34%
MADA MMA LKIN Madam Malkin
32%
LE EJOR DAN Lee Jordan
31%
GRI PHO OK Griphook
28%
NA GI NI Nagini
27%
No matching quizzes found
Score Distribution
Percent of People with Each Score
Percentile by Number Answered
Your Score History
You have not taken this quiz